| 000 | 00711nam a2200217 a 4500 | ||
|---|---|---|---|
| 001 | 8144 | ||
| 003 | CO-ViMGA | ||
| 008 | 141112s2004 ck r 000 u spa d | ||
| 020 | _a9583600059 | ||
| 040 |
_aCO-ViMGA _bspa _cCO-ViMGA |
||
| 082 | 0 | 4 | _a986.1 S15n |
| 100 | 1 | _aSamper Pizano, Daniel | |
| 245 | 1 | 0 |
_aNuevas Lecciones de Histeria de Colombia / _cSamper Pizano Daniel |
| 260 |
_aBogotá, _cAncora, _c1994 |
||
| 300 | _a246 p. | ||
| 590 | _aForma de adquisición : donacion - - Proveedor : Luis Ángel Arango - - Ejemplares : 3 | ||
| 650 | 1 | 4 |
_aColombia - historia - critica e interpretacion _97877 |
| 650 | 1 | 4 |
_aColombia - Historia - Humor _97878 |
| 650 | 1 | 4 |
_aHumor - Colombia _97879 |
| 942 |
_2ddc _cBK |
||
| 999 |
_c19957 _d19957 |
||